Quiz Tournoi des 6 nations 2020. - Statistiques

Statistiques générales
  • Ce quiz a été pris 194 fois
    178 depuis la dernière actualisation
  • Le résultat moyen est 6 sur 14
Statistiques - réponses
Question Réponse % Correct
Qui l'a fini à la dernière place? Italie
88%
Pour quelle raison le match Irlande-Italie et ceux de la 5e journée ont-il été reportés? A cause du Covid-19.
75%
Qui a été élu meilleur joueur du Tournoi 2020? Antoine Dupont (FRA)
75%
Qu'est-ce qui a départagé les deux équipes en tête du classement? Différence de points
75%
A quelle place se trouve la France? 2e
63%
Qui a remporté le tournoi cette année? Angleterre
50%
À quelle date s'est fini le Tournoi? 31 octobre 2020
38%
Pour la combientième fois cette équipe remporte-t-elle le Tournoi? 39
38%
Le plus petit? ( 3 points) Angleterre vs Pays de Galles
25%
Quel est le meilleur plaqueur de l'édition? ( 84 plaquages) Bernard Le Roux (FRA)
25%
Quelle équipe a marqué le plus de points tout au long de ce tournoi? ( 138 points) France
25%
Quel joueur a inscrit le plus d'essais? ( 4 essais) Charles Ollivon (FRA)
13%
Quel joueur a marqué le plus de points? ( 57 points) Romain Ntamack (FRA)
13%
Durant quel match y a-t-il eu le plus grand écart au score? ( 42 points) Pays de Galles vs Italie
0%
Aucun quiz correspondant
Distribution des résultats
% des personnes avec chaque résultat
Percentile par nombre de réponses
Votre historique - résultats
Vous n’avez pas pris ce quiz depuis la dernière actualisation